000 01093cam a2200289Ii 4500
001 9780429069567
008 180331t20162016flua ob 001 0 eng d
020 _a9780429069567
_q(e-book : PDF)
020 _z9781498739689
_q(hardback)
024 7 _a10.1201/b18792
_2doi
040 _aKO
_beng
041 0 _aeng
082 0 4 _a627.98
_bC456
100 1 _aChandrasekaran, Srinivas,
_d1964,
_eauthor.
245 1 0 _aAdvanced marine structures /
_cSrinivas Chandrasekaran.
264 1 _aBoca Raton :
_bCRC Press,
_c[2016]
264 4 _c©2016
300 _a1 online resource
504 _aIncludes bibliographical references (pages 193-198) and index.
505 0 _achapter 1. Offshore structures and environmental Loads -- chapter 2. Ultimate load design -- chapter 3. Fluid-structure interaction -- chapter 4. Reliability of marine structures -- chapter 5. Fatigue and fracture.
650 0 _aOffshore structures.
856 4 0 _uhttps://www.taylorfrancis.com/books/9781498739702
_zClick here to view.
904 _aRUDRA_R
905 _aR_RANJAN
942 _2 ddc
_cEB
999 _c3118
_d3118